|
|
|
|
| LEADER |
00000nam0a2200000 4500 |
| 001 |
100626 |
| 005 |
20231101214322.0 |
| 010 |
|
|
|a 5060051781
|b (в пер.)
|b 3000 экз.
|
| 021 |
|
|
|a RU
|b 05-26522
|9 05-1337
|
| 035 |
|
|
|a (RuTPU)RU\TPU\book\108290
|
| 035 |
|
|
|a RU\TPU\book\91348
|
| 090 |
|
|
|a 100626
|
| 100 |
|
|
|a 20060824d2006 m y0rusy5002 ca
|
| 101 |
0 |
|
|a rus
|
| 102 |
|
|
|a RU
|
| 105 |
|
|
|a y j 001zy
|
| 200 |
1 |
|
|a Правоведение
|e учебник для вузов по экономическим специальностям направления "Экономика"
|f Э. П. Гаврилов, В. И. Гуреев, З. Г. Крылова и др.]
|g под ред. В. И. Гуреева
|
| 210 |
|
|
|a Москва
|c Высшая школа
|d 2006
|
| 215 |
|
|
|a 600 с.
|
| 320 |
|
|
|a Библиогр.: с. 599-600.
|
| 451 |
|
1 |
|0 (RuTPU)RU\TPU\book\91348
|y 5-06-005178-1
|t Правоведение
|o учебник для вузов
|f Э. П. Гаврилов, В. И. Гуреев, З. Г. Крылова и др.]
|g под ред. В. И. Гуреева
|c М.
|n Высшая школа
|d 2005
|p 599, [1] с.
|
| 606 |
1 |
|
|a Правоведение
|2 stltpush
|3 (RuTPU)RU\TPU\subj\67407
|9 83220
|
| 610 |
1 |
|
|a право
|
| 610 |
1 |
|
|a государство
|
| 610 |
1 |
|
|a конституционное право
|
| 610 |
1 |
|
|a административное право
|
| 610 |
1 |
|
|a налоговое право
|
| 610 |
1 |
|
|a гражданское право
|
| 610 |
1 |
|
|a хозяйственное право
|
| 610 |
1 |
|
|a предпринимательское право
|
| 610 |
1 |
|
|a трудовое право
|
| 610 |
1 |
|
|a семейное право
|
| 610 |
1 |
|
|a гражданско-процессуальное право
|
| 610 |
1 |
|
|a арбитражное право
|
| 610 |
1 |
|
|a уголовное право
|
| 610 |
1 |
|
|a государственная тайна
|
| 610 |
1 |
|
|a конфиденциальная информация
|
| 610 |
1 |
|
|a Российская Федерация
|
| 610 |
1 |
|
|a учебники
|
| 686 |
|
|
|a Х620я73
|v LBC/SL-A
|2 rubbk
|
| 701 |
|
1 |
|a Гаврилов
|b Э.П.
|g Эдуард Петрович
|4 070
|
| 701 |
|
1 |
|a Крылова
|b З.Г.
|g Зоя Григорьевна
|4 070
|
| 702 |
|
1 |
|a Гуреев
|b В.И.
|g Виктор Иванович
|4 340
|
| 801 |
|
0 |
|a RU
|b RKP
|c 20050607
|g PSBO
|
| 801 |
|
1 |
|a RU
|b 63413507
|c 20051109
|g PSBO
|
| 801 |
|
2 |
|a RU
|b 63413507
|c 20200921
|g PSBO
|
| 900 |
|
|
|a Правоведение
|
| 900 |
|
|
|a Правовой практикум по экономике
|
| 942 |
|
|
|c BK
|
| 952 |
|
|
|a 521400
|b 021100
|
| 959 |
|
|
|a 18/20060226
|d 2
|e 397,87
|f АНЛ:1
|f ЧЗГЛ:1
|